Normal view
MARC view
- Yadav, R C
Entry Personal Name
001 - CONTROL NUMBER
- control field: 6161
003 - CONTROL NUMBER IDENTIFIER
- control field: OSt
005 - DATE AND TIME OF LATEST TRANSACTION
- control field: 20180212133344.0
008 - FIXED-LENGTH DATA ELEMENTS
- fixed length control field: 180212|| aca||aabn | a|a d
040 ## - CATALOGING SOURCE
- Original cataloging agency: OSt
- Transcribing agency: OSt
100 ## - HEADING--PERSONAL NAME
- Personal name: Yadav, R C
670 ## - SOURCE DATA FOUND
- Source citation: Work cat.: (OSt): Yadav, R C, Mathematics mental -II, 2013